00345nam a2200121Ia 4500008004100000020002200041041000800063082002800071100002900099245003500128260005100163300000900214230411s9999 xx 000 0 und d a978-81-239-1762-7 aeng aP/618.92/MIT/AGA/B05732 aMittal S & Agarwal Vijay aApproach to Pediatric Problems bCBS Publishers & DistributorsaNew Delhic2009 a374p